Les titres musicaux n°1 en France en 2014 - Statistiques

Statistiques générales
  • Ce quiz a été pris 152 fois
  • Le résultat moyen est 6 sur 9
Statistiques - réponses
Titre Interprète % Correct
Sur ma route Black M
98%
Chandelier Sia
97%
Uptown Funk Mark Ronson, Bruno Mars
95%
Happy Pharrell Williams
91%
Dangerous David Guetta, Sam Martin
69%
Habits (Stay High) Tove Lo
46%
Stolen Dance Milky Chance
41%
OKLM Booba
38%
Prayer in C Lilly Wood and the Prick, Robin Schulz
26%
Aucun quiz correspondant
Distribution des résultats
% des personnes avec chaque résultat
Percentile par nombre de réponses
Votre historique - résultats
Vous n’avez pas pris ce quiz